Dīwān ʻAlī ibn al-Jahm /

محفوظ في:

المؤلف الرئيسي: ʿAlī ibn al-Jahm, ?-863 (مؤلف)

مؤلفون آخرون: Mardam, Khalīl, 1895?-1959.

التنسيق: كتاب

اللغة: Arabic

منشور في: Dimashq : al-Majmaʻ al-ʻIlmī al-ʻArabī, 1949.

سلاسل: Maṭbūʻāt al-Majmaʻ al-ʻIlmī al-ʻArabī bi-Dimashq

الموضوعات:

الوسوم: إضافة وسم

لا توجد وسوم, كن أول من يضع وسما على هذه التسجيلة!

رقم الطلب: PJ7701 .A75 A17 1949

LEADER 01388nam a2200265Ia 4500
003 OSt
005 20231026085148.0
008 130303s1949 sy h b 001 p ara d
952 |0 0  |1 0  |2 lcc  |4 0  |6 PJ7701 A75 A17 01949  |7 1  |9 51325  |a ARCE  |b ARCE  |d 2023-10-26  |l 0  |o PJ7701 .A75 A17 1949  |p 1023180  |r 2023-10-26 00:00:00  |w 2023-10-26  |y BK 
999 |c 29621  |d 29621 
040 |c ARCE Library 
050 4 |a PJ7701 .A75 A17 1949 
100 0 |6 880-01  |a ʿAlī ibn al-Jahm,  |d ?-863,  |e author 
245 1 0 |6 880-02  |a Dīwān ʻAlī ibn al-Jahm /   |c ʻuniya bi-taḥqīqihi wa-nashrihi wa-jamaʻa takmilatah Khalīl Mardam. 
264 1 |a Dimashq :   |b al-Majmaʻ al-ʻIlmī al-ʻArabī,   |c 1949. 
300 |a 47, 223 pages :   |b facsimiles ;   |c 25 cm. 
490 0 |a Maṭbūʻāt al-Majmaʻ al-ʻIlmī al-ʻArabī bi-Dimashq 
500 |a Includes errata pages. 
504 |a Includes bibliographical references (pages 210-212) and indexes. 
650 0 |a Arabic poetry  |y 750-1258. 
700 1 |a Mardam, Khalīl,  |d 1895?-1959. 
880 1 |6 100-01/(3/r  |a علي بن الجهم،‪‪‪‪‪‪‪‪‪‪‪‪‪‪‪‪‪‪‪‪‪‪‪‪‪‪‪  |d ?-863. 
880 1 0 |6 245-02/(3/r  |a ديوان علي بن الجهم   |c عني بتحقيقه و نشره و جمع تكملته خليل مردم.‪‪‪‪‪‪‪‪‪‪‪‪‪‪‪‪‪‪‪‪‪‪‪‪‪‪‪ 
901 |a reviewed 
942 |c BK  |2 lcc